[Event "OL-NORD WEST 1617 Union Oldenburg - SF"]
[Site "?"]
[Date "2017.02.05"]
[Round "5.2"]
[White "Meessen, Max"]
[Black "Ackermann, Dennie"]
[Result "1/2-1/2"]
[WhiteElo "2238"]
[BlackElo "2118"]
[PlyCount "134"]
[EventDate "2017.??.??"]

1. Nf3 Nf6 2. d4 g6 3. c4 Bg7 4. Nc3 O-O 5. e4 d6 6. Be2 Na6 7. Be3 Ng4 8. Bg5
h6 9. Bh4 g5 10. Bg3 e5 11. d5 f5 12. Nd2 Nf6 13. f3 Nh5 14. exf5 Bxf5 15. Nde4
Nf4 16. Bf1 Qd7 17. Bf2 g4 18. g3 Nh5 19. fxg4 Bxg4 20. Be2 Bxe2 21. Qxe2 Nf6
22. O-O c6 23. dxc6 bxc6 24. Rad1 Nxe4 25. Qxe4 Nc7 26. Qd3 Ne8 27. Be3 Rxf1+
28. Rxf1 Qe6 29. Rd1 a6 30. b3 Rd8 31. Qe4 Rc8 32. Bc1 Kh8 33. Ne2 Nf6 34. Qh4
Kh7 35. Rf1 Rf8 36. h3 d5 37. g4 Ne4 38. Rxf8 Bxf8 39. Qh5 Bc5+ 40. Kg2 Qf6 41.
Qf5+ Qxf5 42. gxf5 Kg7 43. Kf3 h5 44. cxd5 cxd5 45. Bb2 Ng5+ 46. Kg3 d4 47. Kh4
Kf6 48. Ng3 Bb4 49. Nxh5+ Kxf5 50. Ng3+ Kg6 51. Kg4 Be1 52. Nf1 Ne4 53. Kf3 Kf5
54. Ke2 Bh4 55. Kd3 Nf2+ 56. Kc4 Ke4 57. b4 Nd1 58. Nd2+ Ke3 59. Bc1 Nc3 60.
Nb1+ Kf3 61. Nxc3 dxc3 62. Kxc3 Be1+ 63. Kc4 e4 64. a4 e3 65. Bxe3 Kxe3 66. b5
axb5+ 67. axb5 Ba5 1/2-1/2

[Event "OL-NORD WEST 1617 Union Oldenburg - SF"]
[Site "?"]
[Date "2017.02.05"]
[Round "5.3"]
[White "Kaimer, Thomas"]
[Black "Mueer, Sebastian"]
[Result "1-0"]
[WhiteElo "2185"]
[BlackElo "2239"]
[PlyCount "81"]
[EventDate "2017.??.??"]

1. e4 c5 2. Nf3 d6 3. d4 cxd4 4. Nxd4 Nf6 5. Nc3 g6 6. Bc4 Bg7 7. O-O O-O 8.
Re1 Bg4 9. f3 Bd7 10. Be3 Nc6 11. Qd2 Rc8 12. Nxc6 bxc6 13. Rad1 Qc7 14. Qf2
Be6 15. Be2 Rb8 16. e5 dxe5 17. b3 Nd5 18. Nxd5 cxd5 19. c4 d4 20. Bc1 Qc5 21.
Bd3 f5 22. Qc2 Bd7 23. Bd2 a5 24. Rb1 Rb6 25. Qc1 Be6 26. a3 e4 27. b4 Qe5 28.
Bf4 Qf6 29. Bg5 Qf7 30. b5 h6 31. c5 hxg5 32. cxb6 Bd5 33. fxe4 fxe4 34. Bxe4
d3 35. Qe3 Bxe4 36. Qxe4 d2 37. Red1 Qf2+ 38. Kh1 Kh7 39. b7 Rf4 40. Qe6 Rh4
41. b8=Q 1-0

[Event "OL-NORD WEST 1617 Union Oldenburg - SF"]
[Site "?"]
[Date "2017.02.05"]
[Round "5.5"]
[White "Herrmann, Andreas"]
[Black "Heinemann, Ernst"]
[Result "1-0"]
[WhiteElo "2144"]
[BlackElo "2114"]
[PlyCount "155"]
[EventDate "2017.??.??"]

1. d4 c5 2. Nf3 g6 3. c3 Bg7 4. Bf4 cxd4 5. cxd4 Nf6 6. Nc3 O-O 7. e3 d6 8. Be2
b6 9. O-O Bb7 10. a4 Nbd7 11. h3 Ne4 12. Nxe4 Bxe4 13. Nd2 Bb7 14. Bh2 Nf6 15.
a5 bxa5 16. Qa4 Rc8 17. Rfe1 Bd5 18. Nc4 Qe8 19. b3 Rb8 20. Nxa5 Qxa4 21. Rxa4
Rfc8 22. Bc4 Rb6 23. f3 Bh6 24. Re2 Bxc4 25. bxc4 Rb1+ 26. Kf2 Nd7 27. d5 Nc5
28. Nc6 Rc7 29. Ra3 Bg5 30. Bf4 Bxf4 31. exf4 Rbb7 32. g4 a6 33. h4 Kg7 34. g5
Kf8 35. Rae3 Rb3 36. Rxb3 Nxb3 37. Re3 Nc5 38. Kg3 e6 39. Re2 exd5 40. cxd5 Rd7
41. h5 f5 42. Nd4 Rc7 43. Rb2 Rb7 44. Ne6+ Ke8 45. Rxb7 Nxb7 46. Nc7+ Kd7 47.
Nxa6 Nc5 48. Nb4 Kc7 49. Nc2 Kd7 50. h6 Ke7 51. Kf2 Kf7 52. Ke3 Nb3 53. Na3 Ke7
54. Nb5 Kd7 55. Kd3 Ke7 56. Kc2 Nc5 57. Kc3 Na4+ 58. Kb3 Nb6 59. Nc3 Nd7 60.
Kc4 Nc5 61. Nd1 Ke8 62. Ne3 Kf7 63. Nc2 Ke7 64. Nd4 Kf7 65. Nc6 Na4 66. Nb4 Ke7
67. Kb5 Nc3+ 68. Kc6 Ne2 69. Kc7 Nxf4 70. Nc6+ Kf8 71. Kxd6 Nh3 72. Nd8 Nxg5
73. Ne6+ Nxe6 74. Kxe6 Ke8 75. f4 Kf8 76. d6 Ke8 77. d7+ Kd8 78. Kd6 1-0

[Event "OL-NORD WEST 1617 Union Oldenburg - SF"]
[Site "?"]
[Date "2017.02.05"]
[Round "5.6"]
[White "Schuette, Marc"]
[Black "Edel, Thomas"]
[Result "1-0"]
[WhiteElo "2120"]
[BlackElo "2133"]
[PlyCount "50"]
[EventDate "2017.??.??"]

1. e4 c6 2. Nc3 d5 3. Nf3 Nf6 4. e5 Ne4 5. d4 Nxc3 6. bxc3 e6 7. Bg5 Qa5 8. Bd2
Qc7 9. h4 c5 10. h5 h6 11. Bd3 Nc6 12. O-O c4 13. Be2 Bd7 14. Ne1 O-O-O 15. g3
f6 16. f4 Be7 17. Ng2 Rhg8 18. Bg4 f5 19. Bf3 g6 20. g4 Be8 21. Kh2 Bf7 22. Qe2
Rg7 23. Rg1 Kb8 24. hxg6 Bxg6 25. Ne3 Rdg8 1-0

[Event "OL-NORD WEST 1617 Union Oldenburg - SF"]
[Site "?"]
[Date "2017.02.05"]
[Round "5.7"]
[White "Koelle, Arthur"]
[Black "Buerckner, Hartmut"]
[Result "1/2-1/2"]
[WhiteElo "2197"]
[BlackElo "2163"]
[PlyCount "47"]
[EventDate "2017.??.??"]

1. e4 c5 2. Nf3 d6 3. Bb5+ Nd7 4. d4 a6 5. Bxd7+ Bxd7 6. dxc5 Qa5+ 7. Nc3 Qxc5
8. Be3 Qa5 9. Qd4 Bc6 10. Nd2 Nf6 11. Nc4 Qc7 12. Nb6 Rd8 13. Ncd5 Bxd5 14.
exd5 g6 15. Qa4+ Nd7 16. Bd4 Rg8 17. O-O-O Bg7 18. Nxd7 Qxd7 19. Qxd7+ Kxd7 20.
Bxg7 Rxg7 21. Rhe1 e5 22. dxe6+ fxe6 23. Rd4 Rf7 24. f3 {(=)} 1/2-1/2

[Event "OL-NORD WEST 1617 Union Oldenburg - SF"]
[Site "?"]
[Date "2017.02.05"]
[Round "5.8"]
[White "Wagner, Jan"]
[Black "Streich, Gerhard"]
[Result "1-0"]
[WhiteElo "2137"]
[BlackElo "2109"]
[PlyCount "65"]
[EventDate "2017.??.??"]

1. Nf3 d5 2. c4 c6 3. g3 Nf6 4. Bg2 dxc4 5. Na3 Be6 6. Qc2 Bd5 7. Nxc4 Nbd7 8.
O-O e6 9. d3 Be7 10. Bf4 Bxc4 11. Qxc4 Nd5 12. Bd2 O-O 13. Rfd1 Bf6 14. d4 Qc7
15. Rac1 Rac8 16. e4 N5b6 17. Qb3 Qb8 18. a4 Rfe8 19. Bh3 Rcd8 20. a5 Nc8 21.
Bf4 Qa8 22. Bc7 Nf8 23. Bxd8 Bxd8 24. d5 cxd5 25. exd5 Bxa5 26. Ng5 Ne7 27.
dxe6 f6 28. Nf7 Bb6 29. Rd7 Nfg6 30. Nd6 Rd8 31. Bg2 Ne5 32. Rxe7 Rxd6 33. Rd7
1-0

[Event "OL-NORD WEST 1617 Hannover - Delmenhors"]
[Site "?"]
[Date "2017.02.05"]
[Round "5.1"]
[White "Kuegel, Tobias"]
[Black "Bangiev, Alexander"]
[Result "1/2-1/2"]
[WhiteElo "2277"]
[BlackElo "2387"]
[PlyCount "77"]
[EventDate "2017.??.??"]

1. e4 c5 2. c4 Nc6 3. Ne2 Nf6 4. Nbc3 e6 5. d4 cxd4 6. Nxd4 Bb4 7. Nxc6 bxc6 8.
Bd3 e5 9. Be3 d6 10. O-O Ng4 11. Bd2 Bc5 12. h3 Nf6 13. Qf3 Be6 14. Be3 Nd7 15.
Bxc5 Nxc5 16. b4 Nxd3 17. Qxd3 O-O 18. Rfd1 Qg5 19. Qd2 Qxd2 20. Rxd2 Bxc4 21.
Rxd6 Rfc8 22. a4 Be6 23. Ra3 a6 24. a5 Rab8 25. Na4 Rxb4 26. Nc5 Bc4 27. Kh2
Bb5 28. Rc3 Rb2 29. Nxa6 h6 30. Nc5 Ra2 31. a6 Bxa6 32. Nd7 Re8 33. Rdxc6 Bb5
34. Rc7 Rxf2 35. R3c5 Bd3 36. Rc8 Rxc8 37. Rxc8+ Kh7 38. Nf8+ Kg8 39. Nd7+
1/2-1/2

[Event "OL-NORD WEST 1617 Hannover - Delmenhors"]
[Site "?"]
[Date "2017.02.05"]
[Round "5.2"]
[White "Piepho, Niels"]
[Black "Hoeffer, David"]
[Result "1/2-1/2"]
[WhiteElo "2237"]
[BlackElo "2302"]
[PlyCount "111"]
[EventDate "2017.??.??"]

1. Nf3 Nf6 2. g3 g6 3. Bg2 Bg7 4. c4 O-O 5. Nc3 d6 6. O-O Nc6 7. Rb1 e5 8. d3
a5 9. a3 Re8 10. Ne1 Bd7 11. Bd2 Qc8 12. Nc2 Bh3 13. e4 Bxg2 14. Kxg2 Nd7 15.
Nd5 a4 16. h4 Nc5 17. Be3 h5 18. Bg5 Qd7 19. Nce3 Rf8 20. Bf6 Ne6 21. f4 exf4
22. gxf4 Nc5 23. Qf3 Kh8 24. Qg3 Rg8 25. Qg5 Kh7 26. Bxg7 Kxg7 27. Nf5+ Kf8 28.
Qh6+ Ke8 29. Nf6+ Kd8 30. Nxd7 gxf5+ 31. Kh2 Kxd7 32. Qf6 fxe4 33. Qxf7+ Ne7
34. dxe4 Raf8 35. Qxh5 Nxe4 36. Rg1 Rh8 37. Qb5+ Kc8 38. Rg4 Nf5 39. Qd5 Nf2
40. Qe6+ Kb8 41. Rbg1 Nxh4 42. R1g3 Nf5+ 43. Kg2 Nxg4 44. Rxg4 Rh6 45. Qe4 Rhf6
46. Kf3 Re6 47. Qd3 c5 48. Qd5 Nd4+ 49. Kg3 Rf5 50. Rg8+ Ka7 51. Qh1 Ne2+ 52.
Kg2 Nxf4+ 53. Kg3 Ne2+ 54. Kg2 Nf4+ 55. Kg3 Ne2+ 56. Kg2 1/2-1/2

[Event "OL-NORD WEST 1617 Hannover - Delmenhors"]
[Site "?"]
[Date "2017.02.05"]
[Round "5.4"]
[White "Helmer, Christoph"]
[Black "Mossakowski, Florian"]
[Result "0-1"]
[WhiteElo "2126"]
[BlackElo "2309"]
[PlyCount "84"]
[EventDate "2017.??.??"]

1. e4 c5 2. Nf3 Nc6 3. d4 cxd4 4. Nxd4 Nf6 5. Nc3 d6 6. Bg5 e6 7. Qd2 Be7 8.
O-O-O O-O 9. h4 Nxd4 10. Qxd4 Qa5 11. Kb1 Rd8 12. Qd2 b6 13. Bd3 Bb7 14. Qe2 a6
15. Bd2 Qc5 16. g4 Nd7 17. f4 b5 18. g5 b4 19. Na4 Qa5 20. b3 Bc6 21. Nb2 Qc7
22. h5 a5 23. g6 Bf6 24. gxf7+ Kh8 25. Nc4 a4 26. Bxb4 axb3 27. cxb3 d5 28. Bd6
Qb7 29. Ne5 Nxe5 30. fxe5 Rxd6 31. exf6 Qxf7 32. e5 Rd7 33. Bg6 Qf8 34. Rdf1
Rda7 35. Bd3 d4 36. Rhg1 gxf6 37. Rxf6 Qb4 38. Qc2 Bd5 39. Bc4 d3 40. Qf2 Be4
41. Qb2 d2+ 42. Ka1 Rxa2+ 0-1

[Event "OL-NORD WEST 1617 Hannover - Delmenhors"]
[Site "?"]
[Date "2017.02.05"]
[Round "5.5"]
[White "Steingraeber, Kai Uwe"]
[Black "Ljubarskij, Juri"]
[Result "1-0"]
[WhiteElo "2118"]
[BlackElo "2197"]
[PlyCount "97"]
[EventDate "2017.??.??"]

1. e4 e5 2. Nf3 Nc6 3. Bb5 a6 4. Ba4 Nf6 5. O-O Be7 6. Re1 b5 7. Bb3 O-O 8. c3
d5 9. exd5 Nxd5 10. Nxe5 Nxe5 11. Rxe5 c6 12. d4 Bd6 13. Re1 Qh4 14. g3 Qh3 15.
Qf3 Bg4 16. Qg2 Qh5 17. Be3 Rae8 18. Nd2 Re6 19. Bd1 Rfe8 20. Bxg4 Qxg4 21. Nf1
f5 22. f3 Qg6 23. Bd2 f4 24. Rxe6 Rxe6 25. Re1 a5 26. Qh3 Rxe1 27. Bxe1 Qe8 28.
Bd2 g6 29. Qg4 a4 30. gxf4 a3 31. b4 Bxf4 32. Bxf4 Nxc3 33. Qg5 Qe6 34. Qd8+
Kf7 35. Bd6 g5 36. Qf8+ Kg6 37. Be5 Ne2+ 38. Kf2 h6 39. Qg7+ Kh5 40. Kxe2 Qxa2+
41. Ke3 Qe6 42. d5 cxd5 43. Kf2 d4 44. Bxd4 Qa2+ 45. Kg1 Qe6 46. Bf2 a2 47.
Ng3+ Kh4 48. Ne4+ Kh3 49. Nxg5+ 1-0

[Event "OL-NORD WEST 1617 Hannover - Delmenhors"]
[Site "?"]
[Date "2017.02.05"]
[Round "5.6"]
[White "Meier-Hoffmann, Daniel"]
[Black "Margraf, Daniel"]
[Result "1/2-1/2"]
[WhiteElo "1971"]
[BlackElo "2204"]
[PlyCount "91"]
[EventDate "2017.??.??"]

1. d4 Nf6 2. Nf3 e6 3. e3 Be7 4. Bd3 b6 5. c4 Bb7 6. Nc3 d6 7. b3 O-O 8. Bb2
Nbd7 9. O-O c5 10. d5 e5 11. Qc2 g6 12. Nd2 Nh5 13. Be2 f5 14. f4 Ndf6 15. a3
Qd7 16. Rae1 Rae8 17. g3 Bd8 18. Bd1 Bc8 19. Nf3 Ng4 20. Bc1 Bf6 21. Kg2 Qg7
22. Nb5 Qe7 23. h3 Nh6 24. Bb2 a6 25. Nc3 Bd7 26. Qd2 Qg7 27. Nh2 exf4 28. exf4
Rxe1 29. Rxe1 b5 30. Bf3 bxc4 31. bxc4 Rb8 32. Re2 Bd4 33. Nd1 Bxb2 34. Nxb2
Nf6 35. Nd3 Nf7 36. Qa5 Qf8 37. Qc3 Qd8 38. g4 h5 39. g5 Nh7 40. h4 Nf8 41. Nf1
Ba4 42. Rb2 Rxb2+ 43. Nxb2 Bd7 44. Bd1 Qb6 45. Qb3 Qa5 46. Kf2 1/2-1/2

[Event "OL-NORD WEST 1617 Hannover - Delmenhors"]
[Site "?"]
[Date "2017.02.05"]
[Round "5.7"]
[White "Grebener, Soeren"]
[Black "Phunhon Lopez, Daniel Alejandr"]
[Result "1-0"]
[WhiteElo "2019"]
[BlackElo "1891"]
[PlyCount "51"]
[EventDate "2017.??.??"]

1. e4 c5 2. Nf3 e6 3. d4 cxd4 4. Nxd4 Nf6 5. Bd3 Be7 6. O-O d6 7. c4 O-O 8. Nc3
a6 9. Kh1 Nbd7 10. f4 Qc7 11. Qe2 b6 12. f5 Nc5 13. Bc2 Re8 14. b4 Nb7 15. fxe6
fxe6 16. Bb2 Nd8 17. b5 a5 18. Rae1 e5 19. Nf5 Bxf5 20. Rxf5 Ne6 21. Nd5 Nxd5
22. exd5 Nf4 23. Rxf4 exf4 24. Qe6+ Kf8 25. Bxh7 Bf6 26. Qg8# 1-0

[Event "OL-NORD WEST 1617 Hannover - Delmenhors"]
[Site "?"]
[Date "2017.02.05"]
[Round "5.8"]
[White "Usachyi, Vladimir"]
[Black "Sturm, Tobias"]
[Result "1-0"]
[WhiteElo "2127"]
[BlackElo "2035"]
[PlyCount "87"]
[EventDate "2017.??.??"]

1. d4 Nf6 2. c4 g6 3. Nc3 Bg7 4. e4 d6 5. Be2 O-O 6. Bg5 Na6 7. Nf3 e5 8. dxe5
dxe5 9. Qxd8 Rxd8 10. Nd2 c6 11. O-O-O Nc5 12. Nb3 Nxb3+ 13. axb3 Be6 14. f3
Rd7 15. Rxd7 Nxd7 16. Kc2 Bf8 17. Nd5 cxd5 18. cxd5 Rc8+ 19. Kb1 Bxd5 20. exd5
Nb6 21. Rd1 Bd6 22. Be3 Kf8 23. h4 f6 24. g4 Rc7 25. Bd3 Ke7 26. Be4 Kf8 27. h5
g5 28. h6 Nc8 29. Rc1 Rxc1+ 30. Kxc1 b6 31. Bxh7 Kf7 32. Be4 Ne7 33. Kc2 Ng6
34. Kc3 Nh8 35. Kc4 Ke7 36. Kb5 Kd7 37. Ka6 Bc5 38. Bxc5 bxc5 39. Kxa7 Kc7 40.
Ka6 Kd6 41. Kb5 Nf7 42. h7 Nh8 43. Kc4 Nf7 44. Bg6 1-0

[Event "OL-NORD WEST 1617 Nordhorn Blanke - SV "]
[Site "?"]
[Date "2017.02.05"]
[Round "5.1"]
[White "Lingnau, Carsten"]
[Black "Kollen, Zyon"]
[Result "1-0"]
[WhiteElo "2411"]
[BlackElo "2325"]
[PlyCount "91"]
[EventDate "2017.??.??"]

1. Nf3 Nf6 2. c4 g6 3. g3 Bg7 4. Bg2 O-O 5. d4 d6 6. Nc3 Nc6 7. O-O a6 8. Bf4
Rb8 9. Rc1 Bg4 10. b3 Qc8 11. Qd2 Re8 12. d5 Nd8 13. e4 e5 14. Bg5 Nh5 15. Ne1
f6 16. Be3 Nf7 17. Nd3 Bd7 18. c5 Qd8 19. Na4 f5 20. f3 Bb5 21. exf5 gxf5 22.
Nc3 Bxd3 23. Qxd3 Bh6 24. Bxh6 Nxh6 25. Qd2 Nf7 26. cxd6 cxd6 27. Ne2 Rc8 28.
Rxc8 Qb6+ 29. Kh1 Rxc8 30. Bh3 Ng7 31. f4 Qc7 32. g4 Qc2 33. Qe3 exf4 34. Nxf4
Rc3 35. Qg1 Ng5 36. Bg2 fxg4 37. Ne6 N7xe6 38. dxe6 Rc8 39. Qd4 Rf8 40. Re1 Qf5
41. e7 Re8 42. Bxb7 Kf7 43. Bd5+ Kg6 44. Bc6 Kh6 45. Qxd6+ Kg7 46. Qe5+ 1-0

[Event "OL-NORD WEST 1617 Nordhorn Blanke - SV "]
[Site "?"]
[Date "2017.02.05"]
[Round "5.2"]
[White "Kroeze, Frank M"]
[Black "Hummel, Dirk"]
[Result "1/2-1/2"]
[WhiteElo "2396"]
[BlackElo "2276"]
[PlyCount "36"]
[EventDate "2017.??.??"]

1. e4 e5 2. Nf3 Nc6 3. Bb5 a6 4. Bxc6 dxc6 5. O-O Ne7 6. Nxe5 Qd4 7. Qh5 g6 8.
Qg5 Bg7 9. Nd3 b6 10. Nc3 Bb7 11. Nf4 h6 12. Qg3 O-O-O 13. d3 c5 14. Be3 Qd7
15. Rad1 Bxc3 16. bxc3 Bxe4 17. f3 Bb7 18. Qf2 Nf5 {(=)} 1/2-1/2

[Event "OL-NORD WEST 1617 Nordhorn Blanke - SV "]
[Site "?"]
[Date "2017.02.05"]
[Round "5.3"]
[White "Gronde, Ingo"]
[Black "Ten Vergert, Paul"]
[Result "1/2-1/2"]
[WhiteElo "2215"]
[BlackElo "2192"]
[PlyCount "36"]
[EventDate "2017.??.??"]

1. e4 c5 2. Nf3 Nc6 3. d3 g6 4. g3 Bg7 5. Bg2 d6 6. O-O e5 7. c3 Nge7 8. Be3
O-O 9. Qd2 Be6 10. Na3 Qd7 11. Ng5 b6 12. Nxe6 Qxe6 13. Rfe1 Rad8 14. Qc2 Qd7
15. Qb3 Na5 16. Qb5 d5 17. Rad1 Qxb5 18. Nxb5 Nac6 {(=)} 1/2-1/2

[Event "OL-NORD WEST 1617 Nordhorn Blanke - SV "]
[Site "?"]
[Date "2017.02.05"]
[Round "5.4"]
[White "Bertholee, Rob"]
[Black "Ewert, Hannes"]
[Result "0-1"]
[WhiteElo "2332"]
[BlackElo "2184"]
[PlyCount "152"]
[EventDate "2017.??.??"]

1. e4 c5 2. Nc3 Nc6 3. Bb5 Nd4 4. Bc4 e6 5. Nf3 Ne7 6. Nxd4 cxd4 7. Nb5 Nc6 8.
c3 Ne5 9. Bb3 Nd3+ 10. Ke2 Nxc1+ 11. Rxc1 dxc3 12. Rxc3 Ke7 13. d4 Qb6 14. Qd3
f6 15. Rhc1 Kd8 16. d5 exd5 17. Nc7 Rb8 18. Nxd5 Qd6 19. Qc2 Qa6+ 20. Bc4 b5
21. Bd3 Bd6 22. a4 Bb7 23. axb5 Qa5 24. Qd2 Qa4 25. Rc4 Qb3 26. Qa5+ Ke8 27.
R4c3 Qxb2+ 28. R1c2 Qb1 29. Nc7+ Kf7 30. Qxa7 Be5 31. Rc1 Qb2+ 32. R3c2 Qb4 33.
Nd5 Qd6 34. Rc7 Rhc8 35. b6 Kg6 36. f4 Bxd5 37. exd5+ Kh6 38. fxe5 Qxe5+ 39.
Kf3 Re8 40. b7 Qxd5+ 41. Kf2 Qxd3 42. Kg1 Re2 43. R7c3 Rxb7 44. Qc5 Qb5 45. Qd4
Qe5 46. Qh4+ Kg6 47. h3 h6 48. Rc5 Qe3+ 49. Kh2 Kh7 50. Qg4 Qe6 51. Qf3 Rb3 52.
Qf5+ Qxf5 53. Rxf5 Rbb2 54. Rg1 Rbd2 55. Rf3 d5 56. Rg3 d4 57. Ra1 Re3 58. Rxe3
dxe3 59. Ra3 Re2 60. Kg3 f5 61. Kf3 Rf2+ 62. Kxe3 Rxg2 63. Kf4 Rf2+ 64. Ke5 Kg6
65. Rg3+ Kf7 66. Ra3 g5 67. Ra6 Kg7 68. Rb6 Rf3 69. Ra6 g4 70. h4 g3 71. h5 f4
72. Rg6+ Kf7 73. Rf6+ Ke7 74. Rg6 Rf2 75. Rxh6 f3 76. Rh7+ Ke8 {ZÜ} 0-1

[Event "OL-NORD WEST 1617 Nordhorn Blanke - SV "]
[Site "?"]
[Date "2017.02.05"]
[Round "5.5"]
[White "Happe, Reinhold"]
[Black "Oehne, Timo"]
[Result "1/2-1/2"]
[WhiteElo "2118"]
[BlackElo "2140"]
[PlyCount "46"]
[EventDate "2017.??.??"]

1. c4 Nf6 2. Nc3 g6 3. g3 Bg7 4. Bg2 O-O 5. d3 c6 6. e4 d6 7. Nge2 a6 8. O-O c5
9. d4 cxd4 10. Nxd4 Qb6 11. Nc2 Nc6 12. Ne3 Rb8 13. Rb1 Bd7 14. b3 Qa5 15. Bd2
Qd8 16. Rc1 Qc8 17. Re1 Bh3 18. Ncd5 Bxg2 19. Nxf6+ Bxf6 20. Kxg2 Bd4 21. Nd5
b6 22. Bc3 Bxc3 23. Rxc3 Qb7 {(=)} 1/2-1/2

[Event "OL-NORD WEST 1617 Nordhorn Blanke - SV "]
[Site "?"]
[Date "2017.02.05"]
[Round "5.6"]
[White "Baisakow, Alexander"]
[Black "zur Lage, Julian"]
[Result "0-1"]
[WhiteElo "2164"]
[BlackElo "2118"]
[PlyCount "54"]
[EventDate "2017.??.??"]

1. e4 e5 2. Bc4 Nf6 3. d3 c6 4. f4 d5 5. fxe5 Nxe4 6. dxe4 Qh4+ 7. Kf1 dxc4 8.
Qd4 Qh5 9. Nc3 Be6 10. Nce2 Nd7 11. Nf3 Bc5 12. Qc3 h6 13. h3 Qg6 14. Be3 Qxe4
15. Bxc5 Nxc5 16. Ned4 Bd5 17. Qa3 b6 18. Re1 Qg6 19. Qe3 O-O 20. Nh4 Qg5 21.
Qxg5 hxg5 22. Nhf5 Ne4 23. Re3 Rfe8 24. Nf3 g6 25. g4 gxf5 26. Rg1 f4 27. Ra3
Ng3+ 0-1

[Event "OL-NORD WEST 1617 Nordhorn Blanke - SV "]
[Site "?"]
[Date "2017.02.05"]
[Round "5.7"]
[White "Niendieker, Stephan"]
[Black "Bierenbroodspot, Paul"]
[Result "1-0"]
[WhiteElo "2088"]
[BlackElo "2093"]
[PlyCount "61"]
[EventDate "2017.??.??"]

1. d4 f5 2. Nc3 d5 3. Bg5 g6 4. h4 Bg7 5. e3 c6 6. Bd3 Nf6 7. Bxf6 Bxf6 8. Qf3
e6 9. h5 g5 10. g4 O-O 11. O-O-O h6 12. Nge2 Bg7 13. Qg2 fxg4 14. e4 Qf6 15.
Rdf1 Qf3 16. Qh2 Qf7 17. Kb1 Bd7 18. e5 c5 19. Rhg1 Nc6 20. Bg6 Qf3 21. Rg3
cxd4 22. Rxf3 gxf3 23. Nxd4 Bxe5 24. Qh3 Nxd4 25. Nxd5 Rad8 26. Ne7+ Kg7 27.
Bd3 Ne2 28. Ng6 Nf4 29. Qxf3 Nxg6 30. Qe4 Bc6 31. Qxg6+ 1-0

[Event "OL-NORD WEST 1617 Nordhorn Blanke - SV "]
[Site "?"]
[Date "2017.02.05"]
[Round "5.8"]
[White "Hoellmann, Ludger"]
[Black "Ernst, Franz"]
[Result "1-0"]
[WhiteElo "2045"]
[BlackElo "2021"]
[PlyCount "86"]
[EventDate "2017.??.??"]

1. Nf3 d5 2. d4 e6 3. c4 c5 4. cxd5 exd5 5. g3 Nc6 6. Bg2 Nf6 7. O-O Be7 8. Nc3
O-O 9. dxc5 d4 10. Na4 Bf5 11. Bf4 Be4 12. Rc1 Qd5 13. Qb3 Qh5 14. Nd2 Bxg2 15.
Kxg2 g5 16. Qxb7 Rac8 17. Bd6 Nd5 18. Bxe7 Ndxe7 19. Ne4 Qg6 20. Nd6 Rcd8 21.
Qa6 h5 22. Qd3 Qe6 23. a3 f5 24. Qc4 Nd5 25. Kg1 f4 26. b4 Rf6 27. b5 Nce7 28.
Qxd4 Qh3 29. Qe4 Rdf8 30. Qg2 Qe6 31. Nc3 Nxc3 32. Rxc3 Qe5 33. Rcc1 f3 34.
exf3 Rxf3 35. Rfe1 Qf6 36. Ne4 Qg7 37. Re3 g4 38. Rxf3 Rxf3 39. Qf1 Qd4 40.
Qc4+ Qxc4 41. Rxc4 Rxa3 42. c6 Nc8 43. Rc5 Ra4 1-0

[Event "OL-NORD WEST 1617 Post VSV Uelzen - SV"]
[Site "?"]
[Date "2017.02.19"]
[Round "6.1"]
[White "Lingnau, Carsten"]
[Black "Laubsch, Bernd"]
[Result "1/2-1/2"]
[WhiteElo "2411"]
[BlackElo "2263"]
[PlyCount "94"]
[EventDate "2017.??.??"]

1. d4 d5 2. c4 c6 3. Nf3 Nf6 4. e3 a6 5. Nbd2 b5 6. b3 g6 7. Bd3 Bf5 8. Qc2
Bxd3 9. Qxd3 Bg7 10. O-O O-O 11. Bb2 Nbd7 12. Rfc1 Qb6 13. Qc2 Rfe8 14. cxd5
Nxd5 15. Ne4 a5 16. a3 Bf8 17. Ne1 N5f6 18. Nc5 Nxc5 19. dxc5 Qc7 20. Nf3 Bg7
21. Rd1 Red8 22. Be5 Qa7 23. h3 Rac8 24. b4 Rxd1+ 25. Qxd1 Kf8 26. Qd4 axb4 27.
axb4 Qb7 28. Rd1 Ra8 29. Qb2 Qc8 30. Ng5 Kg8 31. Qd4 h6 32. Ne4 Nh5 33. Bxg7
Nxg7 34. Nc3 Qe6 35. Ne2 Nf5 36. Qc3 Qe4 37. Nd4 Nxd4 38. Qxd4 Qxd4 39. Rxd4
Ra1+ 40. Kh2 Rb1 41. g4 f6 42. Kg2 Kf7 43. Kf3 Ke6 44. Kg3 Rg1+ 45. Kf3 Rb1 46.
Kg3 Rg1+ 47. Kf3 Rb1 1/2-1/2

[Event "OL-NORD WEST 1617 Post VSV Uelzen - SV"]
[Site "?"]
[Date "2017.02.19"]
[Round "6.2"]
[White "Wiegmann, Sascha"]
[Black "Hummel, Dirk"]
[Result "1/2-1/2"]
[WhiteElo "2272"]
[BlackElo "2276"]
[PlyCount "51"]
[EventDate "2017.??.??"]

1. Nf3 d5 2. g3 Nf6 3. Bg2 g6 4. O-O Bg7 5. d3 O-O 6. Nbd2 Nc6 7. e4 e5 8. b3
dxe4 9. dxe4 Bg4 10. h3 Bxf3 11. Qxf3 Qe7 12. c3 Bh6 13. a4 Rfd8 14. Ba3 Qe6
15. Nc4 Rd7 16. Rfd1 Rad8 17. Rxd7 Rxd7 18. Rd1 Nb8 19. h4 Na6 20. Na5 b6 21.
Bf1 bxa5 22. Bc4 Rxd1+ 23. Qxd1 Qd7 24. Qf3 Qc6 25. Be7 Kg7 26. Bxf6+ 1/2-1/2

[Event "OL-NORD WEST 1617 Post VSV Uelzen - SV"]
[Site "?"]
[Date "2017.02.19"]
[Round "6.3"]
[White "Ewert, Hannes"]
[Black "Bogomolow, Sergej"]
[Result "1-0"]
[WhiteElo "2188"]
[BlackElo "2193"]
[PlyCount "109"]
[EventDate "2017.??.??"]

1. e4 e5 2. Nf3 Nc6 3. Bb5 a6 4. Ba4 Nf6 5. O-O Be7 6. Re1 b5 7. Bb3 d6 8. c3
Na5 9. Bc2 c5 10. d4 Qc7 11. Nbd2 cxd4 12. cxd4 Nc6 13. d5 Nb4 14. Bb1 a5 15.
a3 Na6 16. b4 a4 17. Bd3 Bd7 18. Qe2 Qb7 19. Bb2 O-O 20. Rac1 Rfc8 21. g3 Nc7
22. Nf1 g6 23. N3d2 Nh5 24. Ne3 Bg5 25. Nf3 Bh6 26. Nh4 Ne8 27. Rcd1 Nef6 28.
Nhg2 Re8 29. Rf1 Rab8 30. Ba1 Re7 31. Qb2 Bg7 32. Qb1 Qa7 33. Kh1 Rbe8 34. f3
Qb6 35. Rde1 Qb7 36. Nc2 h6 37. g4 Nf4 38. Nxf4 exf4 39. Nd4 Nh7 40. Rc1 Ng5
41. h4 Nh7 42. Nc6 Bxc6 43. Rxc6 Be5 44. Bxe5 Rxe5 45. Qc1 Qe7 46. Qxf4 Qxh4+
47. Qh2 Qg5 48. Rxd6 Qe3 49. Bxb5 R8e7 50. Rd8+ Kg7 51. d6 R7e6 52. Bc4 Rxe4
53. Bxe6 Qd3 54. Qb2+ Nf6 55. Qb1 1-0

[Event "OL-NORD WEST 1617 Post VSV Uelzen - SV"]
[Site "?"]
[Date "2017.02.19"]
[Round "6.4"]
[White "Mittelstaedt, Hendrik"]
[Black "Happe, Reinhold"]
[Result "1/2-1/2"]
[WhiteElo "2061"]
[BlackElo "2118"]
[PlyCount "63"]
[EventDate "2017.??.??"]

1. d4 d5 2. Nf3 Nf6 3. Bf4 c5 4. e3 Nc6 5. c3 Qb6 6. Qc2 cxd4 7. exd4 e6 8. Bd3
Be7 9. O-O Bd7 10. Nbd2 Rc8 11. a3 Na5 12. b3 Ne4 13. b4 Nxd2 14. Nxd2 Nc6 15.
Nf3 Bf6 16. Qe2 Ne7 17. Rac1 Ng6 18. Bd2 O-O 19. h4 Rfe8 20. h5 Nf8 21. Ne5
Bxe5 22. dxe5 a6 23. Be3 Qd8 24. Qg4 f5 25. exf6 Qxf6 26. Bg5 Qf7 27. Qe2 e5
28. Rfe1 h6 29. Bg6 Nxg6 30. hxg6 Qxg6 31. Bh4 Bc6 32. Bg3 {(=)} 1/2-1/2

[Event "OL-NORD WEST 1617 Post VSV Uelzen - SV"]
[Site "?"]
[Date "2017.02.19"]
[Round "6.5"]
[White "Stock, Joerg"]
[Black "Schulze, Ingo"]
[Result "1/2-1/2"]
[WhiteElo "2172"]
[BlackElo "2035"]
[PlyCount "93"]
[EventDate "2017.??.??"]

1. e4 c6 2. d4 d5 3. Nd2 dxe4 4. Nxe4 Nf6 5. Nxf6+ gxf6 6. c3 Bf5 7. Nf3 e6 8.
g3 Bd6 9. Bg2 Nd7 10. O-O Qc7 11. Nh4 Bg6 12. Re1 O-O-O 13. b4 e5 14. Be3 f5
15. dxe5 Bxe5 16. Bd4 Rhe8 17. Bh3 Kb8 18. Bxf5 Bxd4 19. Rxe8 Rxe8 20. Qxd4 Nb6
21. Rd1 Qe5 22. Qxe5+ Rxe5 23. Bxg6 hxg6 24. Nf3 Rd5 25. Re1 Rd3 26. Ne5 Rxc3
27. Nxf7 Nd5 28. h4 Nxb4 29. Re8+ Kc7 30. Re7+ Kb6 31. Nd8 a5 32. a4 Rd3 33.
Rxb7+ Ka6 34. Rb8 Ra3 35. Ne6 Ka7 36. Rg8 Rxa4 37. Rxg6 Nd3 38. h5 Ra1+ 39. Kg2
Ne1+ 40. Kh3 Nd3 41. f4 Rh1+ 42. Kg4 a4 43. Nd4 a3 44. Nxc6+ Kb7 45. Na5+ Ka7
46. Nc6+ Kb7 47. Na5+ 1/2-1/2

[Event "OL-NORD WEST 1617 Post VSV Uelzen - SV"]
[Site "?"]
[Date "2017.02.19"]
[Round "6.6"]
[White "von Estorff, Jacob"]
[Black "Bade, Hans-Juergen"]
[Result "1/2-1/2"]
[WhiteElo "1922"]
[BlackElo "1982"]
[PlyCount "38"]
[EventDate "2017.??.??"]

1. e4 e6 2. d4 d5 3. exd5 exd5 4. Bd3 Bd6 5. Ne2 Qh4 6. Ng3 Ne7 7. O-O Bg4 8.
Qd2 Nbc6 9. c3 h6 10. b3 O-O-O 11. Ba3 Qf6 12. Bxd6 Qxd6 13. b4 g6 14. a4 Nf5
15. Nxf5 Bxf5 16. Na3 Bxd3 17. Qxd3 Rhe8 18. Rfe1 Qd7 19. Nc2 h5 1/2-1/2